000
00400nam a22000977a 4500
100
_a
दलाल,सुखवीर सिंह
_9
79295
245
_a
सावरकर, भगतसिंह, आजाद के प्रेरक प्रसंग
260
_a
दिल्ली
_b
गुप्ता कम्यूनिकेशन
_c
2019
650
_a
Children Book
_9
79844
942
_c
BK
999
_c
63412
_d
63412